00345nam a2200133Ia 4500008004100000020001200041040001600053041001200069082001800081100001500099245004000114260004100154300001600195230917s9999||||xx |||||||||||||| ||und|| cPON3.75 e25442aMAIN aEnglish a301.045 G328F aGerth, H H 0aFrom Max Weber: Essays in sociology aLondonbRoutledge & Kegan Paulc1977 avii, 490 p.